[Event "Festival de Benidorm Simultáneas Anand"]
[Site "Benidorm ESP"]
[Date "2007.??.??"]
[Round "?.1"]
[White "Anand, Viswanathan"]
[Black "Pardo Simon, David"]
[Result "1-0"]
[WhiteElo "2801"]
[BlackElo "2173"]
[PlyCount "61"]
[EventDate "2007.12.05"]
[EventType "simul"]
[EventCountry "ESP"]
[SourceDate "2007.11.17"]

1. e4 e5 2. Nf3 Nf6 3. d4 Nxe4 4. Bd3 d5 5. Nxe5 Bd6 6. O-O Bxe5 7. dxe5 Nc5 8.
Be2 O-O 9. Be3 Ne6 10. f4 d4 11. Bd2 c5 12. f5 Nc7 13. Bd3 Nc6 14. f6 g6 15.
Bf4 Re8 16. Re1 Nb4 17. a3 Nxd3 18. cxd3 Be6 19. Nd2 Bd5 20. Qg4 Ne6 21. Bh6 b5
22. Ne4 Bxe4 23. Rxe4 Qd5 24. Rae1 c4 25. Qh3 c3 26. b4 Rec8 27. Bc1 Qd8 28.
Rh4 Nf8 29. Ree4 Qe8 30. Qg3 Ne6 31. Rxh7 1-0

[Event "Festival de Benidorm Simultáneas Anand"]
[Site "Benidorm ESP"]
[Date "2007.??.??"]
[Round "?.2"]
[White "Anand, Viswanathan"]
[Black "Navarro Perez, Manuel"]
[Result "1-0"]
[WhiteElo "2801"]
[BlackElo "2158"]
[PlyCount "105"]
[EventDate "2007.12.05"]
[EventType "simul"]
[EventCountry "ESP"]
[SourceDate "2007.11.17"]

1. d4 Nf6 2. c4 g6 3. Nf3 Bg7 4. Nc3 O-O 5. e4 d6 6. Be2 e5 7. O-O Nc6 8. d5
Ne7 9. b4 Nd7 10. Nd2 a5 11. bxa5 Rxa5 12. a4 f5 13. Ba3 f4 14. Nb3 Ra8 15. c5
Nf6 16. f3 g5 17. cxd6 cxd6 18. Nd2 Ng6 19. Nc4 Ne8 20. Rb1 Rf7 21. Nb6 Rb8 22.
a5 Bf8 23. Nb5 h5 24. Rf2 Rg7 25. Na7 Bd7 26. Bb5 Nf6 27. Rc2 Bxb5 28. Nxb5 g4
29. Kh1 gxf3 30. gxf3 h4 31. Rbc1 Ne8 32. Qf1 h3 33. Qxh3 Nh4 34. Bb4 Qg5 35.
Rf1 Rd8 36. Be1 Be7 37. Bxh4 Qxh4 38. Qxh4 Bxh4 39. Rg1 Rxg1+ 40. Kxg1 Be1 41.
Nc4 Kf7 42. Kf1 Bb4 43. Ke2 Ke7 44. Rb2 Bc5 45. Kd3 Kd7 46. Rg2 Ke7 47. Rg6 Ra8
48. h4 Bb4 49. Re6+ Kf8 50. h5 Rd8 51. h6 Rd7 52. Kc2 Bc5 53. Kb3 1-0

[Event "Festival de Benidorm Simultáneas Anand"]
[Site "Benidorm ESP"]
[Date "2007.??.??"]
[Round "?.3"]
[White "Anand, Viswanathan"]
[Black "Ribes Peris, Alvaro"]
[Result "1-0"]
[WhiteElo "2801"]
[BlackElo "2157"]
[PlyCount "97"]
[EventDate "2007.12.05"]
[EventType "simul"]
[EventCountry "ESP"]
[SourceDate "2007.11.17"]

1. e4 Nf6 2. e5 Nd5 3. d4 d6 4. Nf3 g6 5. Bc4 Nb6 6. Bb3 Bg7 7. exd6 cxd6 8. h3
O-O 9. O-O Nc6 10. Nc3 a6 11. Re1 Qc7 12. Bg5 Re8 13. Qc1 e6 14. Qf4 f5 15. d5
Ne5 16. Nd4 exd5 17. Nxd5 Nxd5 18. Bxd5+ Kh8 19. Bb3 Bd7 20. Rad1 a5 21. a4
Rac8 22. Qh4 Qc5 23. Bf6 d5 24. Bxg7+ Kxg7 25. Bxd5 Qxd5 26. Nxf5+ Bxf5 27.
Rxd5 Nf3+ 28. gxf3 Rxe1+ 29. Kg2 Rxc2 30. Qd4+ Kf7 31. Rxa5 Rcc1 32. Rxf5+ gxf5
33. Kg3 Rc7 34. Kf4 Re6 35. Kxf5 Rcc6 36. f4 Rcd6 37. Qc4 Rc6 38. Qd5 Ke7 39.
Kg4 Rg6+ 40. Kf3 b6 41. f5 Rgf6 42. b4 h5 43. Kf4 h4 44. Kg5 Rh6 45. Qe5+ Kf7
46. b5 Rcd6 47. Qc3 Kf8 48. f6 Rh7 49. Qc8+ 1-0

[Event "Festival de Benidorm Simultáneas Anand"]
[Site "Benidorm ESP"]
[Date "2007.??.??"]
[Round "?.4"]
[White "Anand, Viswanathan"]
[Black "Escobar, Antonio"]
[Result "1-0"]
[WhiteElo "2801"]
[BlackElo "2130"]
[PlyCount "79"]
[EventDate "2007.12.05"]
[EventType "simul"]
[EventCountry "ESP"]
[SourceDate "2007.11.17"]

1. Nf3 Nf6 2. c4 e6 3. d4 b6 4. g3 Bb7 5. Bg2 Be7 6. Nc3 O-O 7. Qc2 d5 8. cxd5
exd5 9. O-O Nbd7 10. Rd1 c6 11. Bf4 Rc8 12. Ne5 Re8 13. Bh3 Ra8 14. Rac1 Nxe5
15. dxe5 Nh5 16. Be3 g6 17. f4 Qb8 18. Bf2 Bf8 19. e4 Rd8 20. exd5 cxd5 21. Nb5
Bc8 22. Bxc8 Qxc8 23. Qxc8 Rdxc8 24. Nc7 Rab8 25. Nxd5 Rxc1 26. Rxc1 Rd8 27.
Rd1 Kg7 28. Kf1 f5 29. exf6+ Kf7 30. Ke2 Nxf6 31. Nxf6 Rxd1 32. Kxd1 Kxf6 33.
Ke2 Ke6 34. Kf3 Bg7 35. b3 Kd5 36. g4 h5 37. gxh5 gxh5 38. Bh4 b5 39. Bd8 Bc3
40. Ke3 1-0

[Event "Festival de Benidorm Simultáneas Anand"]
[Site "Benidorm ESP"]
[Date "2007.??.??"]
[Round "?.5"]
[White "Anand, Viswanathan"]
[Black "Rodriguez Gonzalez, Alex"]
[Result "1-0"]
[WhiteElo "2801"]
[BlackElo "2088"]
[PlyCount "55"]
[EventDate "2007.12.05"]
[EventType "simul"]
[EventCountry "ESP"]
[SourceDate "2007.11.17"]

1. d4 d6 2. e4 Nf6 3. Nc3 g6 4. f4 Bg7 5. Nf3 c5 6. dxc5 Qa5 7. Bd3 Qxc5 8. Qe2
O-O 9. Be3 Qa5 10. Bd2 Bg4 11. Nd5 Qd8 12. Ne3 Bxf3 13. Qxf3 Nc6 14. c3 Nd7 15.
h4 e6 16. h5 Qe7 17. g4 Nc5 18. Bc2 d5 19. Qh3 Bh8 20. hxg6 fxg6 21. exd5 exd5
22. Bxg6 Rxf4 23. Bxh7+ Kf8 24. O-O-O Qf7 25. Bc2 Bg7 26. Nf5 d4 27. Bxf4 Qxa2
28. Bd6+ 1-0

[Event "Festival de Benidorm Simultáneas Anand"]
[Site "Benidorm ESP"]
[Date "2007.??.??"]
[Round "?.6"]
[White "Anand, Viswanathan"]
[Black "Gomez Benitez, David"]
[Result "1/2-1/2"]
[WhiteElo "2801"]
[BlackElo "2084"]
[PlyCount "110"]
[EventDate "2007.12.05"]
[EventType "simul"]
[EventCountry "ESP"]
[SourceDate "2007.11.17"]

1. e4 d5 2. exd5 Qxd5 3. Nc3 Qd6 4. d4 Nf6 5. Nf3 a6 6. g3 b5 7. Bg2 Bb7 8. O-O
e6 9. Bf4 Qb6 10. a4 Bd6 11. Bxd6 cxd6 12. axb5 axb5 13. Qd3 b4 14. Na4 Qa6 15.
Qb3 Nc6 16. Nc5 Qxa1 17. Nxb7 Qa2 18. Nxd6+ Ke7 19. Qe3 Kxd6 20. Ne5 Rhc8 21.
Nxf7+ Ke7 22. Ng5 Nd8 23. Re1 h6 24. Nxe6 Nxe6 25. d5 Ra6 26. b3 Rc3 27. Qe5
Qxc2 28. Bh3 Rf3 29. Bxe6 Qc3 30. Bc8+ Qxe5 31. Rxe5+ Kd8 32. Bxa6 Rxb3 33. d6
Ra3 34. Bc4 Rc3 35. Bf7 Kd7 36. Rb5 Kxd6 37. Rxb4 Rc7 38. Bb3 Ra7 39. Kg2 Kc5
40. Rb8 Kd4 41. h4 Ke4 42. Rd8 Rb7 43. Bc2+ Ke5 44. Ra8 Rc7 45. Bg6 Rb7 46. Ra1
Rc7 47. Re1+ Kd6 48. f3 Rc3 49. g4 Kc5 50. Kg3 Kd4 51. g5 hxg5 52. hxg5 Ng8 53.
Kg4 Ne7 54. Be4 Nc8 55. f4 Ne7 1/2-1/2

[Event "Festival de Benidorm Simultáneas Anand"]
[Site "Benidorm ESP"]
[Date "2007.??.??"]
[Round "?.8"]
[White "Anand, Viswanathan"]
[Black "Ferrando Perello, Martin"]
[Result "1-0"]
[WhiteElo "2801"]
[BlackElo "2047"]
[PlyCount "37"]
[EventDate "2007.12.05"]
[EventType "simul"]
[EventCountry "ESP"]
[SourceDate "2007.11.17"]

1. Nf3 Nf6 2. c4 e6 3. Nc3 d5 4. d4 Nbd7 5. cxd5 exd5 6. Bf4 c6 7. h3 Be7 8. e3
Ne4 9. Bd3 Ndf6 10. Qc2 Nxc3 11. bxc3 O-O 12. a4 h6 13. Ne5 Nd7 14. Nf3 Nf6 15.
g4 Bd6 16. g5 hxg5 17. Bxg5 Be7 18. Rg1 Bd7 19. Bh6 1-0

[Event "Festival de Benidorm Simultáneas Anand"]
[Site "Benidorm ESP"]
[Date "2007.??.??"]
[Round "?.9"]
[White "Anand, Viswanathan"]
[Black "Marquinez, Francisco Javier"]
[Result "1-0"]
[WhiteElo "2801"]
[BlackElo "2030"]
[PlyCount "123"]
[EventDate "2007.12.05"]
[EventType "simul"]
[EventCountry "ESP"]
[SourceDate "2007.11.17"]

1. e4 e6 2. d4 d5 3. Nc3 dxe4 4. Nxe4 Nd7 5. Bd3 Ngf6 6. Qe2 Nxe4 7. Bxe4 Nf6
8. Bxb7 Bxb7 9. Qb5+ Qd7 10. Qxb7 Rd8 11. Nf3 c5 12. Qxd7+ Rxd7 13. dxc5 Bxc5
14. Ke2 O-O 15. Ne5 Rd5 16. Nd3 Bb6 17. Rd1 e5 18. Be3 Bxe3 19. fxe3 Rc8 20.
Ne1 Rb5 21. b3 e4 22. c4 Rh5 23. h3 g5 24. Rd6 Kg7 25. Rad1 g4 26. hxg4 Rg5 27.
Ra6 Rc7 28. Rd4 Rxg4 29. b4 Nd7 30. c5 Ne5 31. a3 h5 32. Rd5 f6 33. b5 Kf7 34.
b6 axb6 35. cxb6 Rb7 36. Ra7 Rxa7 37. bxa7 Rg8 38. Ra5 Ra8 39. Nc2 Nc6 40. Ra6
Ne7 41. Nd4 Kg6 42. Nb5 Nc8 43. a4 Kf5 44. Rc6 Ne7 45. Rb6 Nd5 46. Rb8 Nc7 47.
Nxc7 Rxa7 48. Rb5+ Kg4 49. Nd5 Rxa4 50. Nxf6+ Kg3 51. Nxh5+ Kxg2 52. Nf4+ Kg3
53. Rg5+ Kh4 54. Rd5 Ra2+ 55. Rd2 Ra1 56. Rd4 Ra2+ 57. Kd1 Kg3 58. Rxe4 Kf3 59.
Re5 Ra1+ 60. Kc2 Ra2+ 61. Kb3 Ra1 62. Nd5 1-0

[Event "Festival de Benidorm Simultáneas Anand"]
[Site "Benidorm ESP"]
[Date "2007.??.??"]
[Round "?.10"]
[White "Anand, Viswanathan"]
[Black "Hickman, John"]
[Result "1-0"]
[WhiteElo "2801"]
[BlackElo "2002"]
[PlyCount "69"]
[EventDate "2007.12.05"]
[EventType "simul"]
[EventCountry "ESP"]
[SourceDate "2007.11.17"]

1. e4 d6 2. d4 Nf6 3. f3 g6 4. Be3 Bg7 5. Qd2 O-O 6. Nc3 e5 7. Nge2 Nc6 8.
O-O-O a6 9. d5 Na5 10. Ng3 b5 11. Bh6 Bd7 12. h4 Bxh6 13. Qxh6 b4 14. Nb1 Qe7
15. Nd2 c6 16. dxc6 Be6 17. h5 Rfc8 18. Qg5 Nd5 19. Qxe7 Nxe7 20. Kb1 Rxc6 21.
Bd3 Rac8 22. hxg6 hxg6 23. Ngf1 Nc4 24. Nxc4 Bxc4 25. Bxc4 Rxc4 26. Rxd6 Rxc2
27. Ne3 Re2 28. Ng4 Rxg2 29. Rxa6 Rcc2 30. Nf6+ Kg7 31. Rh7+ Kf8 32. Ra8+ Nc8
33. Nd5 Ke8 34. Rxc8+ Rxc8 35. Rh8+ 1-0

[Event "Festival de Benidorm Simultáneas Anand"]
[Site "Benidorm ESP"]
[Date "2007.??.??"]
[Round "?.11"]
[White "Anand, Viswanathan"]
[Black "Meruvia, Juan Francisco"]
[Result "1-0"]
[WhiteElo "2801"]
[BlackElo "1983"]
[PlyCount "64"]
[EventDate "2007.12.05"]
[EventType "simul"]
[EventCountry "ESP"]
[SourceDate "2007.11.17"]

1. d4 Nf6 2. c4 c5 3. d5 b5 4. cxb5 a6 5. bxa6 g6 6. Nc3 Bxa6 7. Nf3 d6 8. g3
Bg7 9. Bg2 O-O 10. O-O Nbd7 11. Rb1 Qa5 12. Bd2 Rab8 13. Qc2 Nb6 14. b3 Rfc8
15. Rfd1 Nbd7 16. e4 Ng4 17. h3 Nge5 18. Ne1 Nf8 19. a4 Qd8 20. f4 Ned7 21. Na2
Bd4+ 22. Kh2 Be2 23. Rdc1 Ba6 24. Bc3 e5 25. dxe6 fxe6 26. Bxd4 cxd4 27. Qd2 e5
28. fxe5 dxe5 29. b4 Ne6 30. b5 Bb7 31. Nd3 Qe8 32. Rxc8 Rxc8 {irreproducible}
1-0

[Event "Festival de Benidorm Simultáneas Anand"]
[Site "Benidorm ESP"]
[Date "2007.??.??"]
[Round "?.12"]
[White "Anand, Viswanathan"]
[Black "Moya Albadalejo, Jose Antonio"]
[Result "1-0"]
[WhiteElo "2801"]
[BlackElo "1976"]
[PlyCount "47"]
[EventDate "2007.12.05"]
[EventType "simul"]
[EventCountry "ESP"]
[SourceDate "2007.11.17"]

1. d4 d5 2. c4 Nc6 3. Nc3 Nf6 4. Nf3 dxc4 5. e4 Bg4 6. Be3 e6 7. Bxc4 Bb4 8.
Qd3 O-O 9. Nd2 Qe7 10. a3 Bxc3 11. Qxc3 Nd7 12. f3 Bh5 13. Bb5 Ndb8 14. O-O a6
15. Ba4 Rd8 16. Rfd1 Na7 17. Rac1 c6 18. Bb3 Nb5 19. Qc5 Qxc5 20. dxc5 Nd7 21.
Nc4 Nf6 22. a4 Nc7 23. Bf4 Nce8 24. Nb6 1-0

[Event "Festival de Benidorm Simultáneas Anand"]
[Site "Benidorm ESP"]
[Date "2007.??.??"]
[Round "?.13"]
[White "Anand, Viswanathan"]
[Black "Martin Manzano, Antonio"]
[Result "1-0"]
[WhiteElo "2801"]
[BlackElo "1971"]
[PlyCount "31"]
[EventDate "2007.12.05"]
[EventType "simul"]
[EventCountry "ESP"]
[SourceDate "2007.11.17"]

1. Nf3 d5 2. c4 c6 3. d4 dxc4 4. e4 b5 5. a4 Nf6 6. e5 Nd5 7. axb5 cxb5 8. b3
Qc7 9. Na3 Qa5+ 10. Bd2 c3 11. Bxb5+ Nd7 12. O-O cxd2 13. Bc6 Rb8 14. Nc4 Qd8
15. Bxd5 e6 16. Bc6 {irreproducible} 1-0

[Event "Festival de Benidorm Simultáneas Anand"]
[Site "Benidorm ESP"]
[Date "2007.??.??"]
[Round "?.14"]
[White "Anand, Viswanathan"]
[Black "Munuera Sanchez, Jorge"]
[Result "1-0"]
[WhiteElo "2801"]
[BlackElo "1969"]
[PlyCount "67"]
[EventDate "2007.12.05"]
[EventType "simul"]
[EventCountry "ESP"]
[SourceDate "2007.11.17"]

1. e4 e5 2. Nf3 Nc6 3. Bb5 a6 4. Ba4 Nf6 5. O-O b5 6. Bb3 Be7 7. d4 d6 8. c3
O-O 9. h3 Bb7 10. Re1 Na5 11. Bc2 c5 12. dxe5 dxe5 13. Nxe5 Qxd1 14. Bxd1 Bd6
15. Ng4 Nxe4 16. Bf3 Rfe8 17. Ne3 c4 18. Bxe4 Bxe4 19. Nd2 Bd3 20. b4 Nc6 21.
a4 Nxb4 22. Ba3 a5 23. axb5 Be5 24. Bb2 Bf6 25. b6 Reb8 26. Ra3 Rxb6 27. Nexc4
Rc6 28. cxb4 Bxc4 29. Bxf6 gxf6 30. Nxc4 Rxc4 31. bxa5 Ra6 32. Re8+ Kg7 33.
Rg3+ Kh6 34. Re7 1-0

[Event "Festival de Benidorm Simultáneas Anand"]
[Site "Benidorm ESP"]
[Date "2007.??.??"]
[Round "?.15"]
[White "Anand, Viswanathan"]
[Black "Maza Broto, Pablo"]
[Result "1-0"]
[WhiteElo "2801"]
[BlackElo "1958"]
[PlyCount "54"]
[EventDate "2007.12.05"]
[EventType "simul"]
[EventCountry "ESP"]
[SourceDate "2007.11.17"]

1. d4 e6 2. e4 d5 3. Nc3 Bb4 4. e5 c5 5. a3 Bxc3+ 6. bxc3 Qa5 7. Bd2 Qa4 8. Qg4
Ne7 9. Qxg7 Rg8 10. Qxh7 cxd4 11. Ne2 Nbc6 12. f4 Bd7 13. Qd3 Nf5 14. Rg1 O-O-O
15. g4 Ne3 16. Bxe3 dxe3 17. Rg3 Na5 18. Qxe3 Nc4 19. Qc5+ Kb8 20. Nd4 Rc8 21.
Qb4 Qa6 22. h4 f6 23. exf6 e5 24. fxe5 Rxg4 25. Rxg4 Bxg4 26. Bxc4 dxc4 27. Kd2
Re8 1-0

[Event "Festival de Benidorm Simultáneas Anand"]
[Site "Benidorm ESP"]
[Date "2007.??.??"]
[Round "?.16"]
[White "Anand, Viswanathan"]
[Black "Lopez Gallego, Miguel Angel"]
[Result "1-0"]
[WhiteElo "2801"]
[BlackElo "1955"]
[PlyCount "37"]
[EventDate "2007.12.05"]
[EventType "simul"]
[EventCountry "ESP"]
[SourceDate "2007.11.17"]

1. e4 c5 2. Nf3 d6 3. d4 cxd4 4. Nxd4 Nf6 5. Nc3 a6 6. Be3 e6 7. g4 h6 8. Bg2
Nc6 9. h3 Bd7 10. Qe2 Be7 11. O-O-O Rc8 12. f4 e5 13. Nf5 Bxf5 14. gxf5 Qa5 15.
Kb1 Nb4 16. a3 Rxc3 17. axb4 Rxe3 18. Qxe3 Qxb4 19. fxe5 {irreproducible} 1-0

[Event "Festival de Benidorm Simultáneas Anand"]
[Site "Benidorm ESP"]
[Date "2007.??.??"]
[Round "?.17"]
[White "Anand, Viswanathan"]
[Black "Ferro Curao, Manuel Jao"]
[Result "1-0"]
[WhiteElo "2801"]
[BlackElo "1943"]
[PlyCount "49"]
[EventDate "2007.12.05"]
[EventType "simul"]
[EventCountry "ESP"]
[SourceDate "2007.11.17"]

1. d4 d5 2. c4 c6 3. Nc3 Nf6 4. e3 e6 5. Nf3 Bb4 6. Bd3 dxc4 7. Bxc4 O-O 8. O-O
Nbd7 9. Qe2 Qc7 10. e4 b6 11. e5 Nd5 12. Ne4 Be7 13. Bg5 f6 14. Bh4 a5 15. Rac1
Nb8 16. exf6 gxf6 17. Rfe1 Qd8 18. Bxd5 Qxd5 19. Ne5 Ra7 20. Ng4 Qd8 21. Bg3
Ba6 22. Qe3 f5 23. Nh6+ Kg7 24. Be5+ Kg6 25. Qg3+ 1-0

[Event "Festival de Benidorm Simultáneas Anand"]
[Site "Benidorm ESP"]
[Date "2007.??.??"]
[Round "?.18"]
[White "Anand, Viswanathan"]
[Black "Soler Nadal, Jose Antonio"]
[Result "1/2-1/2"]
[WhiteElo "2801"]
[BlackElo "1939"]
[PlyCount "67"]
[EventDate "2007.12.05"]
[EventType "simul"]
[EventCountry "ESP"]
[SourceDate "2007.11.17"]

1. Nf3 d5 2. c4 c6 3. d4 e6 4. Qc2 Nf6 5. Bg5 Be7 6. e3 a6 7. Nbd2 Nbd7 8. Bd3
O-O 9. O-O Re8 10. cxd5 exd5 11. b4 Nf8 12. Rab1 g6 13. a4 Ne6 14. Bh4 Nh5 15.
Bxe7 Qxe7 16. Qc3 Bd7 17. Nb3 Rec8 18. Nc5 Rc7 19. Ne5 Nxc5 20. bxc5 Re8 21.
Rb6 Bc8 22. Rfb1 Nf6 23. a5 Nd7 24. Nxd7 Qxd7 25. Qd2 Qg4 26. Qe2 Qg5 27. Qf3
Ree7 28. Qg3 Qxg3 29. hxg3 h5 30. Kf1 Kg7 31. Ke2 f5 32. Kd2 Kf7 33. R1b3 Kf6
34. Bc2 1/2-1/2

[Event "Festival de Benidorm Simultáneas Anand"]
[Site "Benidorm ESP"]
[Date "2007.??.??"]
[Round "?.19"]
[White "Anand, Viswanathan"]
[Black "Pastor Gomis, Jose Manuel"]
[Result "1-0"]
[WhiteElo "2801"]
[BlackElo "1935"]
[PlyCount "29"]
[EventDate "2007.12.05"]
[EventType "simul"]
[EventCountry "ESP"]
[SourceDate "2007.11.17"]

1. e4 c5 2. Nf3 d6 3. d4 cxd4 4. Nxd4 Nf6 5. Nc3 g6 6. Be3 Bg7 7. Qd2 O-O 8. f3
Nc6 9. O-O-O Nxd4 10. Bxd4 Be6 11. Kb1 Qa5 12. Nd5 Qd8 13. Nxf6+ exf6 14. h4 d5
15. Bc5 1-0

[Event "Festival de Benidorm Simultáneas Anand"]
[Site "Benidorm ESP"]
[Date "2007.??.??"]
[Round "?.20"]
[White "Anand, Viswanathan"]
[Black "Garcia Sanchez, Jose Manuel"]
[Result "1-0"]
[WhiteElo "2801"]
[BlackElo "1929"]
[PlyCount "111"]
[EventDate "2007.12.05"]
[EventType "simul"]
[EventCountry "ESP"]
[SourceDate "2007.11.17"]

1. d4 Nf6 2. c4 e5 3. dxe5 Ng4 4. Nf3 Nc6 5. Bf4 Bb4+ 6. Nc3 Qe7 7. Qd5 f6 8.
exf6 Nxf6 9. Qd3 O-O 10. Bd2 a5 11. e3 d6 12. Be2 Bd7 13. O-O Ne5 14. Nxe5 dxe5
15. Nd5 Nxd5 16. Qxd5+ Be6 17. Bxb4 axb4 18. Qxe5 Rf5 19. Qe4 c6 20. Bg4 Rf6
21. a3 bxa3 22. Rxa3 Re8 23. Bxe6+ Rxe6 24. Qc2 Qc5 25. Rd3 b5 26. b3 Re4 27.
Rc1 bxc4 28. bxc4 Rg4 29. h3 Rg6 30. Rcd1 Qf5 31. Kh1 Qg5 32. Rg1 Qf5 33. Rd2
Qe6 34. Qd3 Ra8 35. Rf1 Rh6 36. f4 Re8 37. Rf3 Qe7 38. f5 Qe5 39. Qd4 Qc7 40.
e4 Qe7 41. Rf4 Rh4 42. Rdf2 Rxf4 43. Rxf4 Qe5 44. Qxe5 Rxe5 45. Kh2 Kf7 46. Kg3
Rc5 47. Rh4 Rxc4 48. Kf4 Rc2 49. g3 c5 50. Rxh7 c4 51. Rh8 c3 52. Rc8 Rc1 53.
g4 c2 54. Kg5 Re1 55. Rxc2 Rxe4 56. Rc7+ 1-0

[Event "Festival de Benidorm Simultáneas Anand"]
[Site "Benidorm ESP"]
[Date "2007.??.??"]
[Round "?.21"]
[White "Anand, Viswanathan"]
[Black "Bendayan Claros, Aaron"]
[Result "1/2-1/2"]
[WhiteElo "2801"]
[BlackElo "1922"]
[PlyCount "98"]
[EventDate "2007.12.05"]
[EventType "simul"]
[EventCountry "ESP"]
[SourceDate "2007.11.17"]

1. e4 c6 2. d4 d5 3. Nc3 dxe4 4. Nxe4 Nf6 5. Nxf6+ exf6 6. Nf3 Bd6 7. Bd3 O-O
8. O-O Re8 9. c3 Nd7 10. h3 Qa5 11. Bd2 Nf8 12. Re1 Bd7 13. Qb3 b6 14. Rxe8
Rxe8 15. Re1 Rxe1+ 16. Nxe1 Be6 17. Bc4 b5 18. Bxe6 fxe6 19. Nd3 Qc7 20. a4 a6
21. c4 Qb7 22. axb5 axb5 23. c5 Bc7 24. Qa2 Kf7 25. Nb4 Nd7 26. Bc3 Nb8 27. h4
Bd8 28. Bd2 Bc7 29. h5 Qc8 30. g3 Qd7 31. Be3 Qe8 32. Qa8 Qd7 33. Kf1 Qe8 34.
g4 Qd7 35. Ke1 g6 36. hxg6+ hxg6 37. f3 Qe8 38. Qb7 Qd7 39. Ke2 Ke7 40. Qa8 Qe8
41. Kd3 Qd7 42. Kc2 Qe8 43. Nd3 Qd7 44. Nb4 Qe8 45. Bd2 Qd7 46. Bc3 Qd8 47. Qa1
Qh8 48. Qa7 Qd8 49. Bd2 Qd7 1/2-1/2

[Event "Festival de Benidorm Simultáneas Anand"]
[Site "Benidorm ESP"]
[Date "2007.??.??"]
[Round "?.22"]
[White "Anand, Viswanathan"]
[Black "Tonus, Alex"]
[Result "1-0"]
[WhiteElo "2801"]
[BlackElo "1905"]
[PlyCount "59"]
[EventDate "2007.12.05"]
[EventType "simul"]
[EventCountry "ESP"]
[SourceDate "2007.11.17"]

1. d4 Nf6 2. c4 g6 3. Nc3 Bg7 4. e4 d6 5. Nf3 O-O 6. Be2 e5 7. O-O Nc6 8. d5
Ne7 9. b4 Nh5 10. Re1 f5 11. Ng5 Nf6 12. Bf3 c6 13. b5 h6 14. Ne6 Bxe6 15. dxe6
Ne8 16. bxc6 bxc6 17. Ba3 Kh7 18. Rb1 Rb8 19. Rxb8 Qxb8 20. c5 dxc5 21. Bxc5
Qc7 22. Qd7 Bf6 23. Rd1 Kh8 24. Qxc7 Nxc7 25. Bxe7 Bxe7 26. Rd7 Bb4 27. Rxc7
Bxc3 28. exf5 gxf5 29. e7 Rb8 30. g3 1-0

[Event "Festival de Benidorm Simultáneas Anand"]
[Site "Benidorm ESP"]
[Date "2007.??.??"]
[Round "?.23"]
[White "Anand, Viswanathan"]
[Black "Poazuelo, Enrique"]
[Result "1-0"]
[WhiteElo "2801"]
[BlackElo "1901"]
[PlyCount "61"]
[EventDate "2007.12.05"]
[EventType "simul"]
[EventCountry "ESP"]
[SourceDate "2007.11.17"]

1. e4 e5 2. Nf3 Nc6 3. Bb5 a6 4. Ba4 Nf6 5. O-O b5 6. Bb3 Be7 7. d4 d6 8. c3
O-O 9. h3 Na5 10. Bc2 Re8 11. dxe5 dxe5 12. Nxe5 Qxd1 13. Rxd1 Bb7 14. b4 Bd6
15. f4 Bxe5 16. fxe5 Rxe5 17. bxa5 Bxe4 18. Bxe4 Rxe4 19. Nd2 Rd8 20. Ba3 Re3
21. Nb3 Ra8 22. Bb4 h6 23. Nc5 Kh7 24. Re1 Rxe1+ 25. Rxe1 Nd5 26. a3 g5 27. Rd1
c6 28. Rd4 Kg6 29. c4 bxc4 30. Rxc4 Ra7 31. Nd3 1-0

[Event "Festival de Benidorm Simultáneas Anand"]
[Site "Benidorm ESP"]
[Date "2007.??.??"]
[Round "?.24"]
[White "Anand, Viswanathan"]
[Black "Mariano Ribon, Calabia"]
[Result "0-1"]
[WhiteElo "2801"]
[BlackElo "1877"]
[PlyCount "81"]
[EventDate "2007.12.05"]
[EventType "simul"]
[EventCountry "ESP"]
[SourceDate "2007.11.17"]

1. d4 Nf6 2. c4 g6 3. Nc3 Bg7 4. e4 d6 5. Nf3 O-O 6. Be2 e5 7. O-O Nc6 8. d5
Ne7 9. b4 Nd7 10. Nd2 Bh6 11. Nb3 Bxc1 12. Qxc1 b6 13. c5 f5 14. f3 f4 15. Rf2
Rf6 16. cxd6 cxd6 17. a4 g5 18. Nb5 Nf8 19. Qc7 Bd7 20. Qxd8 Rxd8 21. Nxa7 Ra8
22. Nb5 Bxb5 23. Bxb5 Rf7 24. Rc2 Nc8 25. Rac1 Na7 26. Ba6 Re7 27. Rc7 Kf7 28.
b5 Nd7 29. Rb7 Nc8 30. Rcc7 Ke8 31. Rc6 Nc5 32. Nxc5 dxc5 33. Rxc8+ Rxc8 34.
Rxe7+ Kxe7 35. Bxc8 Kd6 36. Kf1 h5 37. Ke2 Kc7 38. Be6 Kd6 39. Kd3 Ke7 40. Kc4
Kd6 41. Bf7 0-1

[Event "Festival de Benidorm Simultáneas Anand"]
[Site "Benidorm ESP"]
[Date "2007.??.??"]
[Round "?.25"]
[White "Anand, Viswanathan"]
[Black "Torino Caballero, Luis Ferrando"]
[Result "1-0"]
[WhiteElo "2801"]
[BlackElo "1876"]
[PlyCount "33"]
[EventDate "2007.12.05"]
[EventType "simul"]
[EventCountry "ESP"]
[SourceDate "2007.11.17"]

1. e4 e5 2. Nf3 d6 3. Bc4 Nd7 4. d4 c6 5. dxe5 dxe5 6. Ng5 Nh6 7. O-O Be7 8.
Ne6 fxe6 9. Bxh6 Nb6 10. Qh5+ g6 11. Qe2 Nxc4 12. Qxc4 Bf6 13. Nd2 Qd4 14. Qb3
b5 15. Rad1 Qc5 16. Qf3 Qe7 17. Nb3 {irreproducible} 1-0

[Event "Festival de Benidorm Simultáneas Anand"]
[Site "Benidorm ESP"]
[Date "2007.??.??"]
[Round "?.26"]
[White "Anand, Viswanathan"]
[Black "Cubillo Muñoz, Miguel"]
[Result "1/2-1/2"]
[WhiteElo "2801"]
[BlackElo "1866"]
[PlyCount "105"]
[EventDate "2007.12.05"]
[EventType "simul"]
[EventCountry "ESP"]
[SourceDate "2007.11.17"]

1. d4 Nf6 2. c4 g6 3. Nc3 Bg7 4. e4 d6 5. f3 O-O 6. Be3 Nbd7 7. Nh3 c5 8. d5 a6
9. Nf2 Rb8 10. a4 Ne5 11. Qd2 Qc7 12. h3 Nh5 13. f4 Nd7 14. g4 Ng3 15. Rg1 Nxf1
16. Rxf1 Qa5 17. Ncd1 b6 18. Qxa5 bxa5 19. Ra3 Bxb2 20. Nxb2 Rxb2 21. Nd3 Rc2
22. Nf2 Nb6 23. Kd1 Rxc4 24. Bd2 Rd4 25. Ke2 Rxd2+ 26. Kxd2 Nc4+ 27. Kc3 Nxa3
28. Ra1 Bd7 29. Rxa3 Rb8 30. Kd3 Rb4 31. Ke3 Rxa4 32. Rxa4 Bxa4 33. g5 Bb3 34.
Kd3 a4 35. Kc3 Kf8 36. Ng4 Bd1 37. Ne3 Bb3 38. f5 f6 39. h4 Kg7 40. Kb2 h6 41.
gxh6+ Kxh6 42. fxg6 Kxg6 43. Nf5 e6 44. dxe6 Bxe6 45. Nxd6 c4 46. Ne8 a5 47.
Nc7 Bc8 48. Nd5 Bb7 49. h5+ Kxh5 50. Nxf6+ Kg6 51. Nd7 a3+ 52. Kxa3 c3 53. Kb3
1/2-1/2

[Event "Festival de Benidorm Simultáneas Anand"]
[Site "Benidorm ESP"]
[Date "2007.??.??"]
[Round "?.27"]
[White "Anand, Viswanathan"]
[Black "Gil Garcia, Roberto"]
[Result "1-0"]
[WhiteElo "2801"]
[BlackElo "1848"]
[PlyCount "68"]
[EventDate "2007.12.05"]
[EventType "simul"]
[EventCountry "ESP"]
[SourceDate "2007.11.17"]

1. Nf3 e6 2. d4 f5 3. g3 Nf6 4. Bg2 Be7 5. O-O O-O 6. c4 d6 7. Nc3 Qe8 8. b4 c6
9. Qa4 Nbd7 10. b5 d5 11. Qb3 dxc4 12. Qxc4 Nb6 13. Qb3 Nbd5 14. Bb2 Qh5 15.
Nxd5 cxd5 16. Ba3 Bxa3 17. Qxa3 f4 18. Rfc1 fxg3 19. hxg3 Ne4 20. Rc7 Rf7 21.
Rac1 Bd7 22. Rxb7 Raf8 23. Rcc7 Bc8 24. Rxa7 g5 25. Rxf7 Rxf7 26. Rxf7 Qxf7 27.
Qe3 Qf6 28. Ne5 Nd6 29. Qc3 Qf5 30. Qc5 Qf8 31. a4 Qd8 32. b6 Ba6 33. Bh3 Nf5
34. Bxf5 exf5 1-0